Statistiken für Essenswörter in verschiedenen germanischen Sprachen

Klicken Sie hier um das Quiz zu spielen!

Allgemein

  • Dieses Quiz wurde 248 mal gespielt
  • Das Durchschnittsergebnis liegt bei 18 aus 66

Antwortstatistiken

PlaAntwort% Korrekt
MilchEnglischMilk
99%
BrotEnglischBread
95%
KartoffelEnglischPotato
91%
WasserNiederländischWater
89%
WasserEnglischWater
89%
BierEnglischBeer
86%
WeinEnglischWine
85%
FrühstückEnglischBreakfast
84%
ZwiebelEnglischOnion
82%
EisEnglischIce cream
80%
SahneEnglischCream
60%
WeinNorwegischVin
48%
WeinDänischVin
48%
WeinSchwedischVin
48%
WeinIsländischVín
48%
BierNiederländischBier
45%
BrotSchwedischBröd
45%
BrotDänischBrød
45%
BrotNorwegischBrød
45%
MilchNiederländischMelk
43%
MilchNorwegischMelk
43%
KohlEnglischCabbage
38%
EisDänischIs
23%
MilchSchwedischMjölk
22%
MilchIsländischMjólk
22%
BierNorwegischØl
22%
BierDänischØl
22%
BierSchwedischÖl
22%
KartoffelDänischKartoffel
21%
BrotNiederländischBrood
18%
SahneIsländischKrem
16%
WeinNiederländischWijn
16%
KohlIsländischHvitkál
12%
KohlSchwedischKål
12%
KohlDänischKål
12%
KohlNorwegischKål
12%
KohlNiederländischKool
12%
KartoffelNiederländischAardappel
11%
WasserSchwedischVatten
8%
FrühstückNiederländischOntbijt
7%
KartoffelSchwedischPotatis
7%
FrühstückSchwedischFrukost
6%
SahneNiederländischRoom
6%
ZwiebelNiederländischUi
6%
WasserIsländischVatn
6%
EisNorwegischIskrem
5%
ZwiebelNorwegischLøk
5%
ZwiebelSchwedischLök
5%
SahneDänischFløde
4%
FrühstückNorwegischFrokost
4%
EisSchwedischGlass
4%
MilchDänischMælk
4%
FrühstückDänischMorgenmad
4%
WasserDänischVand
4%
SahneSchwedischGrädde
3%
ZwiebelDänischLøg
3%
WasserNorwegischVann
3%
BierIsländischBjór
2%
FrühstückIsländischMorgunmat
2%
KartoffelNorwegischPotet
2%
EisNiederländischRoomijs
2%
BrotIsländischBrauđ
1%
SahneNorwegischFløte
1%
ZwiebelIsländischLaukur
1%
KartoffelIsländischKartöflu
0%
EisIsländischRjőmaís
0%

Verteilung der Resultate

Perzentil nach korrekt beantworteten Fragen

Anzahl Personen mit jedem Resultat

Ihre Resultats-Entwicklung

Sie haben dieses Quiz noch nicht gespielt